[Event "San Vicente op 8th"]
[Site "San Vicente"]
[Date "2024.03.31"]
[Round "8"]
[White "Bora, Safal"]
[Black "Habans Aguerrea, Javier"]
[Result "1/2-1/2"]
[WhiteElo "2490"]
[BlackElo "2399"]
[PlyCount "95"]
[EventDate "2024.03.27"]
[EventType "swiss"]
[EventRounds "9"]
[EventCountry "ESP"]
[SourceTitle "CB14_2024"]
[SourceDate "2024.04.01"]
[SourceVersion "1"]
[SourceVersionDate "2024.04.01"]
[SourceQuality "1"]

1. d4 Nf6 2. c4 e6 3. g3 d5 4. Bg2 Be7 5. Nf3 0-0 6. 0-0 c6 7. Nc3 a5 8. Ne5 Nbd7 9. Bf4 dxc4 10. Nxc4 Nd5 11. Rc1 b6 12. Nxd5 cxd5 13. Ne5 Nxe5 14. Bxe5 Ba6 15. Qd2 Bd6 16. Rc6 Bxe5 17. dxe5 Rc8 18. Rfc1 Qd7 19. Rd6 Rxc1+ 20. Qxc1 Qa4 21. Bf3 Qd4 22. Qe3 Qxe3 23. fxe3 Rb8 24. Kf2 Kf8 25. e4 dxe4 26. Bxe4 Ke7 27. Ke3 f6 28. Bxh7 fxe5 29. Rc6 Rh8 30. Rxb6 Bc4 31. b3 Bd5 32. Be4 Rxh2 33. Bxd5 exd5 34. Ra6 d4+ 35. Kd3 Rg2 36. Rxa5 Rxg3+ 37. Kd2 Kd6 38. b4 e4 39. b5 Kc5 40. b6+ Kxb6 41. Rd5 d3 42. exd3 Rxd3+ 43. Rxd3 exd3 44. Kxd3 Ka5 45. Ke4 Ka4 46. Kf5 Ka3 47. Kg6 Kxa2 48. Kxg7 1/2-1/2

[Event "Chesterfield SPICE Cup op"]
[Site "Chesterfield"]
[Date "2023.12.18"]
[Round "3"]
[White "Li, George"]
[Black "Bora, Safal"]
[Result "0-1"]
[WhiteElo "2398"]
[BlackElo "2460"]
[PlyCount "80"]
[EventDate "2023.12.17"]
[EventType "swiss"]
[EventRounds "9"]
[EventCountry "USA"]
[SourceTitle "CB52_2023"]
[SourceDate "2023.12.27"]
[SourceVersion "1"]
[SourceVersionDate "2023.12.27"]
[SourceQuality "1"]

1. Nf3 d5 2. e3 Nf6 3. c4 e6 4. b3 b6 5. cxd5 exd5 6. Bb2 Bb7 7. Nc3 Nbd7 8. Rc1 a6 9. d4 Bd6 10. g3 Qe7 11. Bg2 0-0-0 12. 0-0 h5 13. Qe2 Kb8 14. Rc2 Ne4 15. Rfc1 f5 16. h4 Rdg8 17. Nxe4 fxe4 18. Ng5 Nf6 19. Bh3 Ng4 20. Bxg4 hxg4 21. b4 Rf8 22. b5 a5 23. Bc3 Rf5 24. Be1 Qe8 25. Qxg4 Bc8 26. Qe2 Qg6 27. Rc6 Rxg5 28. Rxd6 cxd6 29. Qc2 Qf7 30. hxg5 Bb7 31. Qe2 Qf5 32. Qf1 Bc8 33. Qg2 Qh7 34. Rc6 Bg4 35. Rxb6+ Ka7 36. Ra6+ Kb7 37. f3 Bxf3 38. Bxa5 Bxg2 39. Rb6+ Kc8 40. Rc6+ Kd7 0-1

[Event "Budapest SixDays 09 GM-A"]
[Site "Budapest"]
[Date "2023.09.23"]
[Round "9"]
[White "Bora, Safal"]
[Black "Ostrovskiy, Aleksandr A"]
[Result "1-0"]
[WhiteElo "2476"]
[BlackElo "2370"]
[PlyCount "127"]
[EventDate "2023.09.18"]
[EventType "tourn"]
[EventRounds "9"]
[EventCountry "HUN"]
[EventCategory "7"]
[SourceTitle "EXT 2024"]
[Source "ChessBase"]
[SourceDate "2023.10.10"]
[SourceVersion "1"]
[SourceVersionDate "2023.10.10"]
[SourceQuality "1"]

1. e4 c6 2. Nf3 d5 3. d3 dxe4 4. dxe4 Qxd1+ 5. Kxd1 Nf6 6. Nfd2 h5 7. h4 g6 8. a4 Bh6 9. Nc3 Ng4 10. Ke1 Be6 11. Nf3 Bxc1 12. Rxc1 f6 13. Be2 Nd7 14. Nd4 Bf7 15. f3 Nh6 16. a5 e5 17. Nb3 Ke7 18. Kf2 Be6 19. Nd2 Nf7 20. Bc4 Bxc4 21. Nxc4 Nc5 22. b4 Ne6 23. Rhd1 a6 24. Na4 Rad8 25. Ncb2 Rxd1 26. Rxd1 Rd8 27. Rxd8 Kxd8 28. Nd3 Nd6 29. c3 Ke7 30. Ke3 Nc4+ 31. Ke2 Nd6 32. g3 Kf7 33. Ndc5 Ke7 34. Nxe6 Kxe6 35. Nc5+ Ke7 36. g4 Kf7 37. Kf2 Ke7 38. Kg3 Kf7 39. g5 f5 40. exf5 Nxf5+ 41. Kf2 Nd6 42. Ke3 Ke7 43. f4 exf4+ 44. Kxf4 Kf7 45. Ke5 Ke7 46. Kd4 Nf5+ 47. Ke4 Nd6+ 48. Ke5 Nf7+ 49. Kd4 Nd6 50. Nd3 Nf5+ 51. Kc5 Nxh4 52. Kb6 Nf5 53. Nf4 Nd6 54. Nxg6+ Kd8 55. Nh4 Kc8 56. g6 Ne8 57. Nf5 Nf6 58. g7 Kb8 59. Kc5 Kc7 60. Kd4 Ng8 61. Ke5 Kd7 62. c4 h4 63. Nxh4 Ke7 64. Nf5+ 1-0

[Event "Budapest SixDays 09 GM-A"]
[Site "Budapest"]
[Date "2023.09.21"]
[Round "6"]
[White "Nandhidhaa, PV."]
[Black "Bora, Safal"]
[Result "0-1"]
[WhiteElo "2316"]
[BlackElo "2476"]
[PlyCount "164"]
[EventDate "2023.09.18"]
[EventType "tourn"]
[EventRounds "9"]
[EventCountry "HUN"]
[EventCategory "7"]
[SourceTitle "EXT 2024"]
[Source "ChessBase"]
[SourceDate "2023.10.10"]
[SourceVersion "1"]
[SourceVersionDate "2023.10.10"]
[SourceQuality "1"]

1. e4 e5 2. Nf3 Nc6 3. Bb5 a6 4. Ba4 b5 5. Bb3 Na5 6. 0-0 d6 7. d4 Nxb3 8. axb3 f6 9. h3 Ne7 10. Nc3 Bb7 11. Re1 g6 12. Nd5 Nxd5 13. exd5 Bg7 14. c4 0-0 15. Bd2 Re8 16. dxe5 dxe5 17. Bb4 Qd7 18. Qd2 Rac8 19. Bc5 h6 20. Qc3 Kh7 21. Rad1 Qf7 22. Rd2 Rcd8 23. Rde2 Bc8 24. Qb4 g5 25. Re3 Bf5 26. Qa5 Bc8 27. Qb4 Kh8 28. Qa5 h5 29. Rc3 Bb7 30. Be3 c6 31. dxc6 Bxc6 32. Qxa6 Qd7 33. Qa7 b4 34. Qxd7 Rxd7 35. Rc2 Rd3 36. Nd2 g4 37. hxg4 hxg4 38. Bc5 Rb8 39. Re3 Rd7 40. f3 g3 41. Kf1 Bh6 42. Re2 Kg7 43. Be3 Bxe3 44. Rxe3 Rh8 45. Re1 Rd4 46. Ke2 f5 47. Nf1 f4 48. Rd2 Rxd2+ 49. Nxd2 Ra8 50. Kd3 Kf6 51. Ne4+ Bxe4+ 52. Rxe4 Rd8+ 53. Kc2 Rc8 54. Kd3 Rd8+ 55. Kc2 Rc8 56. Kd3 Kf5 57. Kc2 Rc7 58. Kd3 Rd7+ 59. Kc2 Rh7 60. Re2 Rh1 61. Kd2 Rg1 62. Kd3 Ke6 63. Kd2 Rh1 64. Re1 Rh2 65. Re2 Rh8 66. Kc2 Kf5 67. Kd3 Rd8+ 68. Kc2 Rd6 69. Re1 Rh6 70. Re2 Rh2 71. Kd3 e4+ 72. Rxe4 Rxg2 73. Re8 Rf2 74. Rf8+ Ke5 75. Re8+ Kd6 76. Rf8 Rxf3+ 77. Ke4 Rf2 78. Rf6+ Ke7 79. Rg6 g2 80. c5 f3 81. c6 Rf1 82. Rg7+ Kd8 0-1

[Event "Budapest SixDays 09 GM-A"]
[Site "Budapest"]
[Date "2023.09.19"]
[Round "2"]
[White "Bora, Safal"]
[Black "Nagy, Gabor"]
[Result "1/2-1/2"]
[WhiteElo "2476"]
[BlackElo "2448"]
[PlyCount "170"]
[EventDate "2023.09.18"]
[EventType "tourn"]
[EventRounds "9"]
[EventCountry "HUN"]
[EventCategory "7"]
[SourceTitle "EXT 2024"]
[Source "ChessBase"]
[SourceDate "2023.10.10"]
[SourceVersion "1"]
[SourceVersionDate "2023.10.10"]
[SourceQuality "1"]

1. Nf3 d5 2. g3 Nc6 3. d4 Bf5 4. Bg2 Nb4 5. Na3 e6 6. 0-0 Be7 7. Ne5 f6 8. Nd3 Nc6 9. c3 Bxa3 10. bxa3 Nge7 11. Nc5 b6 12. e4 dxe4 13. Nxe4 0-0 14. Bb2 Qd7 15. Qe2 Rad8 16. Rfd1 Na5 17. c4 Qa4 18. Rac1 Rfe8 19. Bf1 Bg6 20. Nc3 Qd7 21. d5 exd5 22. cxd5 Qf5 23. Qa6 Bh5 24. Re1 Nxd5 25. Nxd5 Qxd5 26. Qxa7 Rxe1 27. Rxe1 Be8 28. Rxe8+ Rxe8 29. Qxc7 Re1 30. Bc3 Rd1 31. Bb4 h6 32. Qc8+ Kh7 33. Qc2+ Kh8 34. Qc8+ Qd8 35. Qxd8+ Rxd8 36. Bb5 Rd1+ 37. Kg2 Ra1 38. Bd6 Rxa2 39. Bc7 Rxa3 40. Bxb6 Rb3 41. Bxa5 Rxb5 42. Bc3 Rb3 43. Bd4 f5 44. h4 Kh7 45. h5 Rb5 46. Kf3 Rd5 47. Bb2 Rd1 48. Kg2 Kg8 49. Be5 Kf7 50. Bc3 Rd5 51. Bb2 f4 52. g4 g6 53. hxg6+ Kxg6 54. Bc3 Rd3 55. Bb4 Rb3 56. Be7 Rb7 57. Bd6 Kg5 58. f3 Rb2+ 59. Kf1 Rd2 60. Be7+ Kg6 61. Bf8 Rd8 62. Be7 Rd7 63. Bf8 Kg5 64. Kf2 Ra7 65. Bd6 Rb7 66. Kg2 Rd7 67. Be5 Rd2+ 68. Kf1 Rd5 69. Bc7 Rd4 70. Kg2 Rd2+ 71. Kf1 Rd7 72. Be5 h5 73. gxh5 Kxh5 74. Bxf4 Rf7 75. Bd6 Rxf3+ 76. Kg2 Kg4 77. Bh2 Rb3 78. Be5 Re3 79. Bd4 Re2+ 80. Kh1 Kh3 81. Bc5 Rc2 82. Bd4 Rd2 83. Bb6 Rc2 84. Bd4 Kg3 85. Be5+ Kh3 1/2-1/2

[Event "Dulles Cherry Blossom op 10th"]
[Site "Dulles"]
[Date "2023.05.29"]
[Round "9"]
[White "Stearman, Josiah P"]
[Black "Bora, Safal"]
[Result "1/2-1/2"]
[WhiteElo "2385"]
[BlackElo "2462"]
[PlyCount "43"]
[EventDate "2023.05.24"]
[EventType "swiss"]
[EventRounds "9"]
[EventCountry "USA"]
[SourceTitle "CBM 214 Extra"]
[Source "ChessBase"]
[SourceDate "2023.07.31"]
[SourceVersion "1"]
[SourceVersionDate "2023.07.31"]
[SourceQuality "1"]

1. e4 e6 2. d4 d5 3. Nc3 Nf6 4. Bg5 dxe4 5. Nxe4 Be7 6. Bxf6 gxf6 7. Nf3 f5 8. Nc3 a6 9. g3 b5 10. Bg2 Bb7 11. 0-0 Bf6 12. Re1 0-0 13. Ne5 Bxg2 14. Kxg2 Bxe5 15. Qf3 Nc6 16. dxe5 Nd4 17. Qh5 c5 18. Rad1 Qe7 19. Ne2 Nxc2 20. Rd7 Nxe1+ 21. Kf1 Qxd7 22. Qg5+ 1/2-1/2

[Event "Dulles Cherry Blossom op 10th"]
[Site "Dulles"]
[Date "2023.05.28"]
[Round "6"]
[White "Paul, Justin"]
[Black "Bora, Safal"]
[Result "0-1"]
[WhiteElo "2314"]
[BlackElo "2462"]
[PlyCount "62"]
[EventDate "2023.05.24"]
[EventType "swiss"]
[EventRounds "9"]
[EventCountry "USA"]
[SourceTitle "CBM 214 Extra"]
[Source "ChessBase"]
[SourceDate "2023.07.31"]
[SourceVersion "1"]
[SourceVersionDate "2023.07.31"]
[SourceQuality "1"]

1. e4 e5 2. Nf3 Nc6 3. Bb5 a6 4. Ba4 Nge7 5. c3 Ng6 6. 0-0 d5 7. d4 dxe4 8. Ng5 Be7 9. d5 Bxg5 10. dxc6 b5 11. Qxd8+ Bxd8 12. Bb3 f5 13. Rd1 Be7 14. a4 Rb8 15. axb5 Rxb5 16. Bd5 Nf4 17. Bxf4 exf4 18. b4 Bf6 19. Na3 Rb8 20. Rac1 Ke7 21. f3 e3 22. Bc4 Rb6 23. b5 axb5 24. Nxb5 Rxc6 25. Be2 Be6 26. Nd4 Bxd4 27. Rxd4 g5 28. g3 Rd8 29. Rcd1 Rxd4 30. cxd4 Rc2 31. Bd3 Rd2 0-1

[Event "Chesterfield SPICE Cup op"]
[Site "Chesterfield"]
[Date "2022.12.22"]
[Round "7"]
[White "Bora, Safal"]
[Black "Johnson, Donald"]
[Result "1-0"]
[WhiteElo "2441"]
[BlackElo "2232"]
[PlyCount "129"]
[EventDate "2022.12.18"]
[EventType "swiss"]
[EventRounds "9"]
[EventCountry "USA"]
[SourceTitle "CBM 212 Extra"]
[Source "ChessBase"]
[SourceDate "2023.03.31"]
[SourceVersion "1"]
[SourceVersionDate "2023.03.31"]
[SourceQuality "1"]

1. d4 Nf6 2. c4 g6 3. Nc3 d5 4. Nf3 Bg7 5. cxd5 Nxd5 6. e4 Nxc3 7. bxc3 c5 8. h3 Nc6 9. Be3 cxd4 10. cxd4 0-0 11. Be2 Qa5+ 12. Bd2 Qa3 13. d5 Nb4 14. 0-0 Bd7 15. Qc1 Qxc1 16. Raxc1 a5 17. a3 Na6 18. e5 Bf5 19. Bxa5 Be4 20. d6 exd6 21. exd6 Nb8 22. Bc7 Rxa3 23. d7 Nxd7 24. Bd6 Raa8 25. Bxf8 Kxf8 26. Ng5 Re8 27. Nxe4 Rxe4 28. Bf3 Rb4 29. Rc7 Nf6 30. Rd1 Ne8 31. Rxb7 Rxb7 32. Bxb7 h5 33. Bc6 Nf6 34. Ra1 Kg8 35. Ra7 Bf8 36. Kf1 Kg7 37. Ke2 Bc5 38. Rb7 Ng8 39. Bd5 Ne7 40. Bc4 Kf6 41. Rd7 Kg7 42. Kf1 Kf6 43. Rd3 Kg7 44. Rf3 Nf5 45. Bxf7 Kxf7 46. g4 hxg4 47. hxg4 Kf6 48. gxf5 gxf5 49. Rf4 Ke5 50. Ra4 Bb6 51. Kg2 Bd8 52. Kg3 Kf6 53. Ra7 Kg5 54. Rg7+ Kf6 55. Rd7 Ba5 56. Kf4 Be1 57. f3 Ke6 58. Rd3 Ba5 59. Kg5 Bb6 60. f4 Bc5 61. Rd2 Kf7 62. Kxf5 Be7 63. Rd7 Ke8 64. Ke6 Bf6 65. Ra7 1-0

[Event "Chesterfield SPICE Cup op"]
[Site "Chesterfield"]
[Date "2022.12.18"]
[Round "1"]
[White "Bora, Safal"]
[Black "Tang, Zoey"]
[Result "1-0"]
[WhiteElo "2441"]
[BlackElo "2201"]
[PlyCount "83"]
[EventDate "2022.12.18"]
[EventType "swiss"]
[EventRounds "9"]
[EventCountry "USA"]
[SourceTitle "CBM 212 Extra"]
[Source "ChessBase"]
[SourceDate "2023.03.31"]
[SourceVersion "1"]
[SourceVersionDate "2023.03.31"]
[SourceQuality "1"]

1. c4 e5 2. g3 Nc6 3. Bg2 Bc5 4. Nc3 d6 5. e3 Bf5 6. a3 a5 7. d3 Nge7 8. Nge2 0-0 9. h3 Qd7 10. d4 Bb6 11. d5 Nb8 12. e4 Bg6 13. g4 c6 14. Ng3 cxd5 15. cxd5 Na6 16. h4 f6 17. Bh3 Qc7 18. 0-0 Be8 19. Kh2 Nc5 20. a4 Bd7 21. Nf5 Rae8 22. Be3 g6 23. Ng3 Na6 24. Bh6 Rf7 25. Nb5 Qb8 26. f4 exf4 27. Bxf4 Nc8 28. Qc2 Nb4 29. Qc4 Na7 30. Nxd6 Bc7 31. e5 Bxd6 32. exd6 Rc8 33. Qe4 Rc2+ 34. Kg1 Qc8 35. Rac1 Bxa4 36. Rxc2 Bxc2 37. Qe6 Ba4 38. Ne4 Qd8 39. Bg5 Qf8 40. Nxf6+ Kh8 41. Ne4 Kg8 42. Bh6 1-0

[Event "Noblesville Snow Memorial"]
[Site "Noblesville"]
[Date "2022.09.16"]
[Round "1"]
[White "Xia, Ruoxiao"]
[Black "Bora, Safal"]
[Result "0-1"]
[WhiteElo "2056"]
[BlackElo "2539"]
[PlyCount "104"]
[EventDate "2022.09.16"]
[EventType "swiss"]
[EventRounds "5"]
[EventCountry "USA"]
[SourceTitle "EXT 2023"]
[Source "ChessBase"]
[SourceDate "2022.10.05"]
[SourceVersion "1"]
[SourceVersionDate "2022.10.05"]
[SourceQuality "1"]

1. d4 e6 2. c4 b6 3. Nc3 Bb4 4. e3 Bxc3+ 5. bxc3 Bb7 6. Nf3 c5 7. Bd3 f5 8. 0-0 Nf6 9. Ba3 Na6 10. Nd2 0-0 11. f3 d6 12. Qc2 Nc7 13. Rae1 Nh5 14. Bc1 Qf6 15. f4 Rae8 16. Nf3 Qg6 17. Qa4 Nf6 18. Qxa7 Rb8 19. Rf2 Ng4 20. Rff1 Nf6 21. Rf2 Qe8 22. Qxb6 Bxf3 23. Qxc7 Be4 24. Bf1 Rc8 25. Qb6 Qe7 26. Qb3 Ng4 27. Rfe2 Rf6 28. g3 Rff8 29. Bg2 Rb8 30. Qd1 Nf6 31. Bxe4 Nxe4 32. Qc2 Qa7 33. g4 Rbc8 34. d5 Qf7 35. Rd1 Rce8 36. dxe6 Rxe6 37. Rg2 fxg4 38. Rd5 Nf6 39. Rg5 Rfe8 40. Qf5 Re4 41. h3 g6 42. R5xg4 Nxg4 43. Qxg4 Qxc4 44. Bd2 Qxa2 45. h4 Qe6 46. Qg5 Qe7 47. Qd5+ Qe6 48. Qg5 Rxe3 49. Bxe3 Qxe3+ 50. Kh2 Rf8 51. Qd5+ Kg7 52. f5 Qf4+ 0-1

[Event "Chicago op 31st"]
[Site "Wheeling"]
[Date "2022.05.28"]
[Round "4"]
[White "Xiong, Jeffery"]
[Black "Bora, Safal"]
[Result "1-0"]
[WhiteElo "2688"]
[BlackElo "2426"]
[PlyCount "55"]
[EventDate "2022.05.26"]
[EventType "swiss"]
[EventRounds "9"]
[EventCountry "USA"]
[SourceTitle "EXT 2024"]
[Source "ChessBase"]
[SourceDate "2023.10.10"]
[SourceVersion "1"]
[SourceVersionDate "2023.10.10"]
[SourceQuality "1"]

1. e4 e6 2. d4 d5 3. e5 c5 4. c3 Nc6 5. Nf3 Qb6 6. Be2 Nh6 7. Bxh6 gxh6 8. Qd2 Bg7 9. 0-0 0-0 10. Na3 cxd4 11. cxd4 f6 12. exf6 Rxf6 13. Nc2 Bd7 14. b4 Raf8 15. b5 Ne7 16. Ne5 Be8 17. g3 h5 18. a4 Ng6 19. a5 Qc7 20. f4 Bh6 21. Ne3 Nxf4 22. gxf4 Rxf4 23. Kh1 Re4 24. Rxf8+ Kxf8 25. Rf1+ Kg8 26. Nxd5 Bxd2 27. Nxc7 Bg6 28. Nxe6 1-0

[Event "Clayton SPICE Cup op"]
[Site "Clayton"]
[Date "2021.10.21"]
[Round "8"]
[White "Bora, Safal"]
[Black "Moradiabadi, Elshan"]
[Result "1/2-1/2"]
[WhiteElo "2432"]
[BlackElo "2553"]
[PlyCount "75"]
[EventDate "2021.10.17"]
[EventType "swiss"]
[EventRounds "9"]
[EventCountry "USA"]
[SourceTitle "CBM 204 Extra"]
[Source "ChessBase"]
[SourceDate "2021.11.30"]
[SourceVersion "1"]
[SourceVersionDate "2021.11.30"]
[SourceQuality "1"]

1. Nf3 d5 2. g3 c6 3. Bg2 Bg4 4. 0-0 Nd7 5. h3 Bh5 6. d4 e6 7. c4 Ngf6 8. cxd5 exd5 9. Ne5 Nxe5 10. dxe5 Nd7 11. Nc3 Bc5 12. Na4 Be7 13. g4 Bg6 14. f4 f5 15. Be3 b5 16. Nc3 Nb6 17. Bd4 0-0 18. gxf5 Bxf5 19. e4 dxe4 20. Nxe4 Nd5 21. Ng3 Qd7 22. Nxf5 Qxf5 23. Bxd5+ cxd5 24. Qg4 Rac8 25. Qxf5 Rxf5 26. Bxa7 g5 27. Rad1 Ra8 28. Be3 gxf4 29. Rxf4 Rxe5 30. Bd4 Rg5+ 31. Kf1 Bd6 32. Rf6 Rf8 33. Rxf8+ Kxf8 34. Rd3 Ke7 35. Rb3 b4 36. a3 Rf5+ 37. Ke2 Rf4 38. Re3+ 1/2-1/2

[Event "Clayton SPICE Cup op"]
[Site "Clayton"]
[Date "2021.10.20"]
[Round "6"]
[White "Gledura, Benjamin"]
[Black "Bora, Safal"]
[Result "1-0"]
[WhiteElo "2628"]
[BlackElo "2432"]
[PlyCount "140"]
[EventDate "2021.10.17"]
[EventType "swiss"]
[EventRounds "9"]
[EventCountry "USA"]
[SourceTitle "CBM 204 Extra"]
[Source "ChessBase"]
[SourceDate "2021.11.30"]
[SourceVersion "1"]
[SourceVersionDate "2021.11.30"]
[SourceQuality "1"]

1. Nf3 Nf6 2. c4 g6 3. Nc3 d5 4. cxd5 Nxd5 5. h4 Bg7 6. h5 Nc6 7. e4 Nb6 8. Bb5 0-0 9. hxg6 hxg6 10. Bxc6 bxc6 11. d4 Bg4 12. Bf4 Qd7 13. Be5 Bxf3 14. Qxf3 Bxe5 15. dxe5 Kg7 16. Rd1 Qe6 17. Qh3 Qxh3 18. Rxh3 Nc4 19. Rd7 e6 20. Na4 Nb6 21. Rd4 Rad8 22. Rhd3 Rxd4 23. Rxd4 Rh8 24. Nc5 Rh5 25. b4 Rh1+ 26. Ke2 Ra1 27. Rd2 Nc4 28. Nb3 Nxd2 29. Nxa1 Nxe4 30. Ke3 Nc3 31. a3 c5 32. bxc5 Nd5+ 33. Kd4 c6 34. Nb3 Kf8 35. Na5 Ne7 36. Ke4 Ke8 37. Nc4 Nd5 38. Nd6+ Ke7 39. g3 Nc3+ 40. Kd3 Nd5 41. Kc4 Nc7 42. Kb3 Na6 43. Ne4 Kd7 44. Ka4 Kc7 45. f4 Kd7 46. Ka5 Nb8 47. Nd6 Ke7 48. Ne4 Kd7 49. Kb4 Na6+ 50. Ka4 Nb8 51. Ka5 Ke8 52. Nd6+ Ke7 53. g4 g5 54. fxg5 Nd7 55. Ka6 Nxe5 56. Kxa7 Nd7 57. Ne4 f5 58. gxf6+ Nxf6 59. Nc3 Nd7 60. Kb7 Nxc5+ 61. Kxc6 Nd3 62. a4 Ne5+ 63. Kb6 Kd6 64. a5 Nd7+ 65. Kb5 Kc7 66. Ne4 Ne5 67. g5 Ng6 68. Nc5 e5 69. a6 Kb8 70. Kb6 Nf8 1-0

[Event "Clayton SPICE Cup op"]
[Site "Clayton"]
[Date "2021.10.18"]
[Round "2"]
[White "Homa, Seth"]
[Black "Bora, Safal"]
[Result "1-0"]
[WhiteElo "2269"]
[BlackElo "2432"]
[PlyCount "61"]
[EventDate "2021.10.17"]
[EventType "swiss"]
[EventRounds "9"]
[EventCountry "USA"]
[SourceTitle "CBM 204 Extra"]
[Source "ChessBase"]
[SourceDate "2021.11.30"]
[SourceVersion "1"]
[SourceVersionDate "2021.11.30"]
[SourceQuality "1"]

1. d4 e6 2. c4 b6 3. a3 Nf6 4. Nc3 Bb7 5. d5 Bd6 6. Nf3 0-0 7. g3 exd5 8. cxd5 c6 9. Bg2 cxd5 10. 0-0 Na6 11. Nb5 Be7 12. b4 Nc7 13. Nxc7 Qxc7 14. Nd4 d6 15. Bb2 Qd7 16. Qd3 g6 17. Rac1 Rac8 18. Nb5 Bc6 19. Nc3 Qe6 20. Rfd1 Rfe8 21. e3 Bf8 22. Ne2 Bg7 23. Nf4 Qe7 24. Bxf6 Bxf6 25. Rxc6 Rxc6 26. Nxd5 Rc7 27. Nxe7+ Bxe7 28. b5 Rc5 29. Bc6 Rd8 30. Qe4 Bf6 31. Qa4 1-0

[Event "Indianapolis Premier"]
[Site "Indianapolis"]
[Date "2021.09.26"]
[Round "5"]
[White "Nguyen, James Le"]
[Black "Bora, Safal"]
[Result "0-1"]
[WhiteElo "1902"]
[BlackElo "2423"]
[PlyCount "106"]
[EventDate "2021.09.24"]
[EventType "swiss"]
[EventRounds "5"]
[EventCountry "USA"]
[SourceTitle "CBM 204 Extra"]
[Source "ChessBase"]
[SourceDate "2021.11.30"]
[SourceVersion "1"]
[SourceVersionDate "2021.11.30"]
[SourceQuality "1"]

1. e4 e6 2. d4 d5 3. Nd2 h6 4. Ngf3 Nf6 5. Bd3 c5 6. exd5 exd5 7. dxc5 Bxc5 8. Nb3 Bd6 9. 0-0 0-0 10. Nbd4 Nc6 11. Nf5 Bc7 12. Nxg7 Kxg7 13. Bxh6+ Kh8 14. Bxf8 Qxf8 15. Qd2 Qg7 16. Kh1 Bg4 17. h3 Bxf3 18. gxf3 Nh5 19. Rg1 Qf6 20. Qg5 Qxf3+ 21. Qg2 Qxg2+ 22. Rxg2 Nf4 23. Rg5 Ne5 24. Rf5 Nexd3 25. cxd3 Kg7 26. Rg1+ Ng6 27. Rxd5 Rh8 28. Rd7 Rxh3+ 29. Kg2 Rh2+ 30. Kf3 Bb6 31. Rg2 Rh3+ 32. Kg4 Rh4+ 33. Kf3 Rb4 34. Rxb7 Rxb2 35. Ke4 Rxa2 36. d4 Rd2 37. Rd7 Kf6 38. Ke3 Rd1 39. f4 Ke6 40. Rb7 Bxd4+ 41. Ke4 f5+ 42. Kf3 Rd3+ 43. Ke2 Nxf4+ 44. Ke1 Nxg2+ 45. Kf1 Nf4 46. Ke1 Re3+ 47. Kf1 Rh3 48. Ke1 Be3 49. Kd1 Rh2 50. Rb3 Nd5 51. Ke1 f4 52. Ra3 Kf5 53. Ra4 f3 0-1